[Event "DEM U18w 2024"]
[Site "Willingen GER"]
[Date "2024.05.19"]
[Round "1"]
[White "Sereda, Yaroslava"]
[Black "Wimmer, Katharina"]
[Result "1/2-1/2"]
[Termination "normal"]
[Board "5"]
[WhiteElo "1925"]
[BlackElo "1641"]
[WhiteClock "00:08:45"]
[BlackClock "00:21:03"]
[PlyCount "92"]
[WhiteFideId "14178940"]
[BlackFideId "16265947"]
[EventCountry "GER"]
[EventRounds "9"]
[EventType "swiss"]
[EventDate "2024.05.18"]

1. e4 {[%clk 01:30:58]} {[%emt 00:00:02]} e5 {[%clk 01:30:52]} {[%emt
00:00:08]} 2. Nf3 {[%clk 01:31:22]} {[%emt 00:00:07]} Nc6 {[%clk 01:31:15]}
{[%emt 00:00:06]} 3. Bb5 {[%clk 01:31:43]} {[%emt 00:00:09]} a6 {[%clk
01:31:39]} {[%emt 00:00:06]} 4. Ba4 {[%clk 01:32:07]} {[%emt 00:00:06]} d6
{[%clk 01:32:05]} {[%emt 00:00:05]} 5. c3 {[%clk 01:31:20]} {[%emt 00:01:17]}
Bd7 {[%clk 01:31:15]} {[%emt 00:01:20]} 6. O-O {[%clk 01:25:52]} {[%emt
00:05:58]} Nf6 {[%clk 01:29:18]} {[%emt 00:02:27]} 7. Re1 {[%clk 01:23:20]}
{[%emt 00:03:02]} g6 {[%clk 01:27:19]} {[%emt 00:02:28]} 8. d4 {[%clk
01:17:38]} {[%emt 00:06:12]} b5 {[%clk 01:26:46]} {[%emt 00:01:03]} 9. Bb3
{[%clk 01:16:14]} {[%emt 00:01:54]} Bg7 {[%clk 01:25:46]} {[%emt 00:01:29]} 10.
Nbd2 {[%clk 01:04:25]} {[%emt 00:12:20]} O-O {[%clk 01:24:19]} {[%emt
00:01:57]} 11. dxe5 {[%clk 01:00:48]} {[%emt 00:04:07]} Nxe5 {[%clk 01:22:16]}
{[%emt 00:02:33]} 12. Nxe5 {[%clk 01:00:13]} {[%emt 00:01:05]} dxe5 {[%clk
01:22:32]} {[%emt 00:00:14]} 13. Qe2 {[%clk 00:53:46]} {[%emt 00:06:57]} Qe7
{[%clk 01:17:34]} {[%emt 00:05:27]} 14. Nf1 {[%clk 00:51:52]} {[%emt 00:02:25]}
Bc6 {[%clk 01:13:14]} {[%emt 00:04:49]} 15. f3 {[%clk 00:49:13]} {[%emt
00:03:11]} Bb7 {[%clk 01:05:47]} {[%emt 00:07:56]} 16. Bg5 {[%clk 00:45:15]}
{[%emt 00:04:29]} c5 {[%clk 01:01:00]} {[%emt 00:05:17]} 17. Red1 {[%clk
00:40:29]} {[%emt 00:05:15]} c4 {[%clk 00:58:36]} {[%emt 00:02:53]} 18. Bc2
{[%clk 00:40:53]} {[%emt 00:00:06]} Qc5+ {[%clk 00:55:27]} {[%emt 00:03:39]}
19. Be3 {[%clk 00:40:39]} {[%emt 00:00:44]} Qc7 {[%clk 00:54:09]} {[%emt
00:01:48]} 20. Qf2 {[%clk 00:38:41]} {[%emt 00:02:28]} Nd7 {[%clk 00:48:12]}
{[%emt 00:06:27]} 21. a4 {[%clk 00:34:54]} {[%emt 00:04:18]} Bc6 {[%clk
00:43:48]} {[%emt 00:04:53]} 22. Ng3 {[%clk 00:28:04]} {[%emt 00:07:21]} Rfd8
{[%clk 00:38:51]} {[%emt 00:05:25]} 23. Nf1 {[%clk 00:25:13]} {[%emt 00:03:23]}
Bf8 {[%clk 00:34:21]} {[%emt 00:05:00]} 24. Kh1 {[%clk 00:23:48]} {[%emt
00:01:55]} Rab8 {[%clk 00:20:11]} {[%emt 00:14:40]} 25. axb5 {[%clk 00:21:28]}
{[%emt 00:02:51]} Bxb5 {[%clk 00:19:43]} {[%emt 00:00:58]} 26. Qe2 {[%clk
00:17:57]} {[%emt 00:04:01]} Nc5 {[%clk 00:16:59]} {[%emt 00:03:12]} 27. Bxc5
{[%clk 00:17:04]} {[%emt 00:01:24]} Bxc5 {[%clk 00:17:10]} {[%emt 00:00:19]}
28. Ne3 {[%clk 00:14:23]} {[%emt 00:03:10]} Bxe3 {[%clk 00:16:13]} {[%emt
00:01:27]} 29. Qxe3 {[%clk 00:14:52]} Qc6 {[%clk 00:14:27]} {[%emt 00:02:16]}
30. f4 {[%clk 00:10:52]} {[%emt 00:04:31]} exf4 {[%clk 00:10:52]} {[%emt
00:04:05]} 31. Qxf4 {[%clk 00:11:15]} {[%emt 00:00:07]} Qe8 {[%clk 00:08:36]}
{[%emt 00:02:45]} 32. Rf1 {[%clk 00:09:15]} {[%emt 00:02:30]} Rb6 {[%clk
00:08:14]} {[%emt 00:00:53]} 33. e5 {[%clk 00:02:59]} {[%emt 00:06:46]} Re6
{[%clk 00:08:13]} {[%emt 00:00:31]} 34. Rfe1 {[%clk 00:02:52]} {[%emt
00:00:36]} Rd5 {[%clk 00:08:19]} {[%emt 00:00:25]} 35. b3 {[%clk 00:02:18]}
{[%emt 00:01:04]} Rdxe5 {[%clk 00:08:11]} {[%emt 00:00:38]} 36. Rg1 {[%clk
00:01:08]} {[%emt 00:01:40]} cxb3 {[%clk 00:06:57]} {[%emt 00:01:44]} 37. Bxb3
{[%clk 00:01:29]} {[%emt 00:00:09]} Re4 {[%clk 00:05:00]} {[%emt 00:02:25]} 38.
Qf2 {[%clk 00:00:44]} {[%emt 00:01:16]} Re7 {[%clk 00:04:25]} {[%emt 00:01:03]}
39. Rad1 {[%clk 00:00:42]} {[%emt 00:00:34]} Ba4 {[%clk 00:03:53]} {[%emt
00:01:01]} 40. Bxa4 {[%clk 00:00:44]} {[%emt 00:00:30]} Rxa4 {[%clk 00:03:59]}
{[%emt 00:00:24]} 41. Rgf1 {[%clk 00:27:49]} {[%emt 00:03:25]} Rae4 {[%clk
00:32:44]} {[%emt 00:01:44]} 42. h3 {[%clk 00:23:07]} {[%emt 00:05:13]} Qc6
{[%clk 00:25:00]} {[%emt 00:08:14]} 43. Rd3 {[%clk 00:10:53]} {[%emt 00:12:44]}
Qe6 {[%clk 00:22:17]} {[%emt 00:03:11]} 44. Rdd1 {[%clk 00:08:30]} {[%emt
00:02:54]} Qc6 {[%clk 00:20:16]} {[%emt 00:02:31]} 45. Rd3 {[%clk 00:08:28]}
{[%emt 00:00:32]} Qe6 {[%clk 00:20:35]} {[%emt 00:00:10]} 46. Rdd1 {[%clk
00:08:45]} {[%emt 00:00:14]} Qc6 {[%clk 00:21:03]} {[%emt 00:00:02]} 1/2-1/2

[Event "DEM U18w 2024"]
[Site "Willingen GER"]
[Date "2024.05.19"]
[Round "1"]
[White "Schmidt, Luise"]
[Black "Hubert, Charlotte"]
[Result "1/2-1/2"]
[Termination "normal"]
[Board "6"]
[WhiteElo "1666"]
[BlackElo "1893"]
[WhiteClock "00:13:42"]
[BlackClock "00:03:56"]
[PlyCount "60"]
[WhiteFideId "16294475"]
[BlackFideId "16265920"]
[EventCountry "GER"]
[EventRounds "9"]
[EventType "swiss"]
[EventDate "2024.05.18"]

1. d4 {[%clk 01:30:57]} {[%emt 00:00:02]} Nf6 {[%clk 01:30:51]} {[%emt
00:00:09]} 2. c4 {[%clk 01:31:21]} {[%emt 00:00:07]} e6 {[%clk 01:31:14]}
{[%emt 00:00:07]} 3. Nc3 {[%clk 01:31:41]} {[%emt 00:00:10]} Bb4 {[%clk
01:31:35]} {[%emt 00:00:08]} 4. Qc2 {[%clk 01:32:04]} {[%emt 00:00:08]} O-O
{[%clk 01:31:37]} {[%emt 00:00:28]} 5. a3 {[%clk 01:32:22]} {[%emt 00:00:13]}
Bxc3+ {[%clk 01:32:00]} {[%emt 00:00:06]} 6. Qxc3 {[%clk 01:32:48]} {[%emt
00:00:04]} d5 {[%clk 01:31:55]} {[%emt 00:00:35]} 7. Nf3 {[%clk 01:32:50]}
{[%emt 00:00:28]} dxc4 {[%clk 01:31:46]} {[%emt 00:00:38]} 8. Qxc4 {[%clk
01:33:10]} {[%emt 00:00:11]} b6 {[%clk 01:32:12]} {[%emt 00:00:04]} 9. Bg5
{[%clk 01:31:02]} {[%emt 00:02:38]} Bb7 {[%clk 01:29:21]} {[%emt 00:03:20]} 10.
e3 {[%clk 01:27:06]} {[%emt 00:04:27]} Nbd7 {[%clk 01:27:46]} {[%emt 00:02:05]}
11. Be2 {[%clk 01:18:06]} {[%emt 00:09:30]} h6 {[%clk 01:25:13]} {[%emt
00:03:02]} 12. Bh4 {[%clk 01:15:05]} {[%emt 00:03:32]} Rc8 {[%clk 01:21:48]}
{[%emt 00:03:55]} 13. O-O {[%clk 01:10:29]} {[%emt 00:05:06]} c5 {[%clk
01:17:19]} {[%emt 00:04:58]} 14. Rfd1 {[%clk 01:03:56]} {[%emt 00:07:03]} Qe7
{[%clk 01:13:06]} {[%emt 00:04:44]} 15. Qa4 {[%clk 00:59:10]} {[%emt 00:05:14]}
Bc6 {[%clk 00:45:00]} {[%emt 00:28:37]} 16. Qxa7 {[%clk 00:51:19]} {[%emt
00:08:22]} g5 {[%clk 00:44:06]} {[%emt 00:01:24]} 17. Bg3 {[%clk 00:47:54]}
{[%emt 00:03:56]} Ra8 {[%clk 00:36:38]} {[%emt 00:07:58]} 18. Qc7 {[%clk
00:46:02]} {[%emt 00:02:20]} Rfc8 {[%clk 00:35:35]} {[%emt 00:01:34]} 19. Qd6
{[%clk 00:44:23]} {[%emt 00:02:09]} Qe8 {[%clk 00:35:07]} {[%emt 00:00:58]} 20.
dxc5 {[%clk 00:40:45]} {[%emt 00:04:08]} Ne4 {[%clk 00:33:59]} {[%emt
00:01:37]} 21. Qd4 {[%clk 00:35:38]} {[%emt 00:05:31]} Ndxc5 {[%clk 00:32:46]}
{[%emt 00:01:51]} 22. Qb4 {[%clk 00:33:38]} {[%emt 00:02:26]} Ba4 {[%clk
00:16:32]} {[%emt 00:16:47]} 23. Rf1 {[%clk 00:30:50]} {[%emt 00:03:19]} Qd8
{[%clk 00:13:30]} {[%emt 00:03:30]} 24. Bd1 {[%clk 00:27:19]} {[%emt 00:04:02]}
Nxg3 {[%clk 00:09:47]} {[%emt 00:04:13]} 25. hxg3 {[%clk 00:26:52]} {[%emt
00:00:58]} Nd3 {[%clk 00:07:45]} {[%emt 00:02:32]} 26. Qd2 {[%clk 00:24:21]}
{[%emt 00:03:00]} e5 {[%clk 00:04:32]} {[%emt 00:03:44]} 27. Bxa4 {[%clk
00:21:35]} {[%emt 00:03:16]} Rxa4 {[%clk 00:04:55]} {[%emt 00:00:06]} 28. Rfd1
{[%clk 00:21:19]} {[%emt 00:00:46]} e4 {[%clk 00:04:51]} {[%emt 00:00:34]} 29.
Ne5 {[%clk 00:20:11]} {[%emt 00:01:38]} Qf6 {[%clk 00:03:35]} {[%emt 00:01:46]}
30. Nxd3 {[%clk 00:13:42]} {[%emt 00:07:00]} exd3 {[%clk 00:03:56]} {[%emt
00:00:09]} 1/2-1/2

[Event "DEM U18w 2024"]
[Site "Willingen GER"]
[Date "2024.05.19"]
[Round "1"]
[White "Pohle, Saskia"]
[Black "Hellenbroich, Helene"]
[Result "1-0"]
[Termination "normal"]
[Board "7"]
[WhiteElo "1901"]
[BlackElo "1640"]
[WhiteClock "00:24:34"]
[BlackClock "00:01:19"]
[PlyCount "50"]
[WhiteFideId "16201604"]
[BlackFideId "16270754"]
[EventCountry "GER"]
[EventRounds "9"]
[EventType "swiss"]
[EventDate "2024.05.18"]

1. e4 {[%clk 01:30:58]} e6 {[%clk 01:30:39]} {[%emt 00:00:22]} 2. d4 {[%clk
01:31:24]} {[%emt 00:00:05]} d5 {[%clk 01:30:57]} {[%emt 00:00:11]} 3. Nd2
{[%clk 01:31:44]} {[%emt 00:00:10]} dxe4 {[%clk 01:30:59]} {[%emt 00:00:29]} 4.
Nxe4 {[%clk 01:32:07]} {[%emt 00:00:06]} Nd7 {[%clk 01:30:53]} {[%emt
00:00:35]} 5. Nf3 {[%clk 01:31:58]} {[%emt 00:00:40]} Ngf6 {[%clk 01:27:01]}
{[%emt 00:04:21]} 6. Bd3 {[%clk 01:27:31]} {[%emt 00:04:58]} Be7 {[%clk
01:24:57]} {[%emt 00:02:34]} 7. O-O {[%clk 01:27:30]} {[%emt 00:00:31]} O-O
{[%clk 01:24:28]} {[%emt 00:00:59]} 8. Re1 {[%clk 01:24:09]} {[%emt 00:03:51]}
b6 {[%clk 01:22:45]} {[%emt 00:02:13]} 9. Qe2 {[%clk 01:14:21]} {[%emt
00:10:18]} Bb7 {[%clk 01:16:02]} {[%emt 00:07:13]} 10. Neg5 {[%clk 01:08:37]}
{[%emt 00:06:14]} Bxf3 {[%clk 01:01:38]} {[%emt 00:14:54]} 11. Nxf3 {[%clk
01:03:39]} {[%emt 00:05:28]} c5 {[%clk 00:56:48]} {[%emt 00:05:20]} 12. Bc4
{[%clk 00:58:32]} {[%emt 00:05:37]} h6 {[%clk 00:47:50]} {[%emt 00:09:28]} 13.
Bf4 {[%clk 00:45:56]} {[%emt 00:13:06]} Re8 {[%clk 00:31:59]} {[%emt 00:16:21]}
14. Rad1 {[%clk 00:43:44]} {[%emt 00:02:42]} Nd5 {[%clk 00:18:58]} {[%emt
00:13:31]} 15. Bg3 {[%clk 00:40:37]} {[%emt 00:03:37]} cxd4 {[%clk 00:16:59]}
{[%emt 00:02:29]} 16. Nxd4 {[%clk 00:37:00]} {[%emt 00:04:07]} Bc5 {[%clk
00:12:26]} {[%emt 00:05:03]} 17. Bb5 {[%clk 00:33:53]} {[%emt 00:03:37]} Bxd4
{[%clk 00:09:40]} {[%emt 00:03:15]} 18. Rxd4 {[%clk 00:33:38]} {[%emt
00:00:45]} Qf6 {[%clk 00:09:42]} {[%emt 00:00:29]} 19. Rd2 {[%clk 00:32:24]}
{[%emt 00:01:43]} Red8 {[%clk 00:03:40]} {[%emt 00:06:34]} 20. c4 {[%clk
00:30:06]} {[%emt 00:02:47]} Nf4 {[%clk 00:01:50]} {[%emt 00:02:20]} 21. Bxf4
{[%clk 00:29:45]} {[%emt 00:00:50]} Qxf4 {[%clk 00:02:15]} {[%emt 00:00:06]}
22. Bxd7 {[%clk 00:26:41]} {[%emt 00:03:34]} Rac8 {[%clk 00:01:22]} {[%emt
00:01:23]} 23. g3 {[%clk 00:24:38]} {[%emt 00:02:32]} Qxc4 {[%clk 00:00:47]}
{[%emt 00:01:06]} 24. Bxc8 {[%clk 00:24:37]} {[%emt 00:00:31]} Rxc8 {[%clk
00:00:57]} {[%emt 00:00:21]} 25. Qxc4 {[%clk 00:24:34]} {[%emt 00:00:32]} Rxc4
{[%clk 00:01:19]} {[%emt 00:00:08]} 1-0

[Event "DEM U18w 2024"]
[Site "Willingen GER"]
[Date "2024.05.19"]
[Round "1"]
[White "Schirmer, Sara"]
[Black "Werner, Rosalie"]
[Result "0-1"]
[Termination "normal"]
[Board "8"]
[WhiteElo "1638"]
[BlackElo "1938"]
[WhiteClock "00:00:37"]
[BlackClock "00:05:27"]
[PlyCount "59"]
[WhiteFideId "16297580"]
[BlackFideId "16223748"]
[EventCountry "GER"]
[EventRounds "9"]
[EventType "swiss"]
[EventDate "2024.05.18"]

1. e4 {[%clk 01:30:57]} {[%emt 00:00:03]} e6 {[%clk 01:30:55]} {[%emt
00:00:06]} 2. Nf3 {[%clk 01:31:12]} {[%emt 00:00:14]} d5 {[%clk 01:31:17]}
{[%emt 00:00:08]} 3. exd5 {[%clk 01:31:30]} {[%emt 00:00:12]} exd5 {[%clk
01:31:40]} {[%emt 00:00:07]} 4. d4 {[%clk 01:31:54]} {[%emt 00:00:06]} Bd6
{[%clk 01:31:58]} {[%emt 00:00:12]} 5. c4 {[%clk 01:31:30]} {[%emt 00:00:55]}
Nf6 {[%clk 01:26:50]} {[%emt 00:05:37]} 6. Nc3 {[%clk 01:29:55]} {[%emt
00:02:05]} Nbd7 {[%clk 01:23:16]} {[%emt 00:04:04]} 7. Bd3 {[%clk 01:22:41]}
{[%emt 00:07:45]} dxc4 {[%clk 01:22:45]} {[%emt 00:01:01]} 8. Bxc4 {[%clk
01:23:00]} {[%emt 00:00:10]} O-O {[%clk 01:21:54]} {[%emt 00:01:20]} 9. O-O
{[%clk 01:23:01]} {[%emt 00:00:30]} Nb6 {[%clk 01:21:11]} {[%emt 00:01:13]} 10.
Bb3 {[%clk 01:23:06]} {[%emt 00:00:24]} c6 {[%clk 01:17:06]} {[%emt 00:04:36]}
11. Qd3 {[%clk 01:11:13]} {[%emt 00:12:21]} Bg4 {[%clk 01:11:31]} {[%emt
00:06:06]} 12. Bc2 {[%clk 01:02:13]} {[%emt 00:09:31]} Bh5 {[%clk 01:04:21]}
{[%emt 00:07:40]} 13. Ne5 {[%clk 00:57:16]} {[%emt 00:05:26]} Bg6 {[%clk
00:55:50]} {[%emt 00:09:01]} 14. Nxg6 {[%clk 00:57:01]} {[%emt 00:00:46]} hxg6
{[%clk 00:56:09]} {[%emt 00:00:11]} 15. Be3 {[%clk 00:54:32]} {[%emt 00:02:59]}
Qc7 {[%clk 00:49:17]} {[%emt 00:07:22]} 16. h3 {[%clk 00:53:30]} {[%emt
00:01:32]} Rad8 {[%clk 00:44:18]} {[%emt 00:05:29]} 17. Bb3 {[%clk 00:40:54]}
{[%emt 00:13:06]} Rd7 {[%clk 00:38:52]} {[%emt 00:05:56]} 18. Qxg6 {[%clk
00:34:58]} {[%emt 00:06:26]} Bf4 {[%clk 00:27:43]} {[%emt 00:11:39]} 19. Rae1
{[%clk 00:24:16]} {[%emt 00:11:12]} Nbd5 {[%clk 00:23:36]} {[%emt 00:04:37]}
20. Nxd5 {[%clk 00:23:22]} {[%emt 00:01:24]} Nxd5 {[%clk 00:23:45]} {[%emt
00:00:21]} 21. Bxd5 {[%clk 00:23:36]} {[%emt 00:00:16]} Rxd5 {[%clk 00:18:58]}
{[%emt 00:05:17]} 22. Qe4 {[%clk 00:23:16]} {[%emt 00:00:47]} Bd6 {[%clk
00:17:14]} {[%emt 00:02:16]} 23. f4 {[%clk 00:15:58]} {[%emt 00:07:49]} f5
{[%clk 00:12:36]} {[%emt 00:05:08]} 24. Qe6+ {[%clk 00:13:55]} {[%emt
00:02:32]} Kh7 {[%clk 00:12:43]} {[%emt 00:00:23]} 25. g4 {[%clk 00:07:03]}
{[%emt 00:07:23]} Rf6 {[%clk 00:10:56]} {[%emt 00:02:17]} 26. Qe8 {[%emt
00:00:27]} Bb4 {[%clk 00:07:19]} {[%emt 00:04:05]} 27. g5 {[%clk 00:04:49]}
{[%emt 00:02:48]} Rg6 {[%clk 00:07:05]} {[%emt 00:00:45]} 28. Re2 {[%clk
00:01:44]} {[%emt 00:03:35]} Rd8 {[%clk 00:05:27]} {[%emt 00:02:08]} 29. Qe5
{[%clk 00:00:37]} {[%emt 00:01:37]} Bd6 {[%emt 00:01:39]} 30. Qxf5 {[%emt
00:00:02]} 0-1

[Event "DEM U18w 2024"]
[Site "Willingen GER"]
[Date "2024.05.19"]
[Round "1"]
[White "von Beckh, Frieda"]
[Black "Luzgina, Anastasiia"]
[Result "1-0"]
[Termination "normal"]
[Board "9"]
[WhiteElo "1764"]
[BlackElo "1665"]
[WhiteClock "00:05:56"]
[BlackClock "00:46:43"]
[PlyCount "87"]
[WhiteFideId "16233751"]
[BlackFideId "24280860"]
[EventCountry "GER"]
[EventRounds "9"]
[EventType "swiss"]
[EventDate "2024.05.18"]

1. e4 {[%clk 01:30:55]} {[%emt 00:00:05]} c5 {[%clk 01:30:55]} {[%emt
00:00:06]} 2. Nc3 {[%clk 01:31:15]} {[%emt 00:00:10]} e6 {[%clk 01:31:08]}
{[%emt 00:00:17]} 3. f4 {[%clk 01:31:20]} {[%emt 00:00:25]} d5 {[%clk
01:31:21]} {[%emt 00:00:17]} 4. Bb5+ {[%clk 01:30:46]} {[%emt 00:01:04]} Nc6
{[%clk 01:31:14]} {[%emt 00:00:35]} 5. Bxc6+ {[%clk 01:30:47]} {[%emt
00:00:30]} bxc6 {[%clk 01:31:38]} {[%emt 00:00:07]} 6. d3 {[%clk 01:29:34]}
{[%emt 00:01:43]} Nf6 {[%clk 01:30:20]} {[%emt 00:01:47]} 7. Nf3 {[%clk
01:28:19]} {[%emt 00:01:44]} Ba6 {[%clk 01:29:59]} {[%emt 00:00:51]} 8. Qe2
{[%clk 01:18:30]} {[%emt 00:10:19]} Qb6 {[%clk 01:27:03]} {[%emt 00:03:26]} 9.
f5 {[%clk 01:13:19]} {[%emt 00:05:42]} Be7 {[%clk 01:12:35]} {[%emt 00:14:57]}
10. fxe6 {[%clk 01:07:09]} {[%emt 00:06:41]} fxe6 {[%clk 01:12:54]} {[%emt
00:00:11]} 11. Ng5 {[%clk 01:03:52]} {[%emt 00:03:47]} Kd7 {[%clk 00:59:57]}
{[%emt 00:13:27]} 12. e5 {[%clk 00:58:22]} {[%emt 00:06:00]} Ne8 {[%clk
01:00:03]} {[%emt 00:00:24]} 13. Nxe6 {[%clk 00:46:10]} {[%emt 00:12:43]} Kxe6
{[%clk 00:59:15]} {[%emt 00:01:17]} 14. Qg4+ {[%clk 00:46:23]} {[%emt
00:00:16]} Kf7 {[%clk 00:56:28]} {[%emt 00:03:18]} 15. O-O+ {[%clk 00:42:26]}
{[%emt 00:04:28]} Nf6 {[%clk 00:55:16]} {[%emt 00:01:42]} 16. exf6 {[%clk
00:40:40]} {[%emt 00:02:14]} Bxf6 {[%clk 00:55:20]} {[%emt 00:00:28]} 17. Qd7+
{[%clk 00:36:29]} {[%emt 00:04:38]} Kg6 {[%clk 00:54:16]} {[%emt 00:01:35]} 18.
Qf5+ {[%clk 00:30:55]} {[%emt 00:06:05]} Kf7 {[%clk 00:54:32]} {[%emt
00:00:14]} 19. Bg5 {[%clk 00:29:03]} {[%emt 00:02:21]} Qd8 {[%clk 00:50:28]}
{[%emt 00:04:34]} 20. Bxf6 {[%clk 00:27:58]} {[%emt 00:01:36]} gxf6 {[%clk
00:50:38]} {[%emt 00:00:19]} 21. Rae1 {[%clk 00:26:34]} {[%emt 00:01:53]} Bc8
{[%clk 00:50:27]} {[%emt 00:00:43]} 22. Qh5+ {[%clk 00:26:10]} {[%emt
00:00:55]} Kg7 {[%clk 00:50:38]} {[%emt 00:00:17]} 23. Re3 {[%clk 00:24:55]}
{[%emt 00:01:45]} Rf8 {[%clk 00:50:15]} {[%emt 00:00:53]} 24. Rg3+ {[%clk
00:23:51]} {[%emt 00:01:34]} Kh8 {[%clk 00:50:32]} {[%emt 00:00:14]} 25. Qh6
{[%clk 00:22:06]} {[%emt 00:02:13]} Qe7 {[%clk 00:50:16]} {[%emt 00:00:47]} 26.
Ne2 {[%clk 00:18:24]} {[%emt 00:04:13]} Be6 {[%clk 00:49:57]} {[%emt 00:00:50]}
27. Nf4 {[%clk 00:17:49]} {[%emt 00:01:04]} Bf5 {[%clk 00:47:04]} {[%emt
00:03:23]} 28. Ng6+ {[%clk 00:17:50]} {[%emt 00:00:29]} Bxg6 {[%clk 00:47:15]}
{[%emt 00:00:19]} 29. Rxg6 {[%clk 00:17:33]} {[%emt 00:00:47]} Rae8 {[%clk
00:46:38]} {[%emt 00:01:07]} 30. h3 {[%clk 00:12:34]} {[%emt 00:05:29]} f5
{[%clk 00:45:45]} {[%emt 00:01:23]} 31. Rxc6 {[%clk 00:11:27]} {[%emt
00:01:36]} Qe5 {[%clk 00:45:05]} {[%emt 00:01:10]} 32. Qf4 {[%clk 00:09:40]}
{[%emt 00:02:16]} Qxb2 {[%clk 00:45:14]} {[%emt 00:00:23]} 33. Rxc5 {[%clk
00:08:54]} {[%emt 00:01:15]} Qxa2 {[%clk 00:45:12]} {[%emt 00:00:33]} 34. Qd4+
{[%clk 00:09:07]} {[%emt 00:00:16]} Kg8 {[%clk 00:45:11]} {[%emt 00:00:31]} 35.
Rc7 {[%clk 00:07:25]} {[%emt 00:02:12]} Rf7 {[%clk 00:45:14]} {[%emt 00:00:28]}
36. Rxf7 {[%clk 00:07:07]} {[%emt 00:00:48]} Kxf7 {[%clk 00:45:23]} {[%emt
00:00:20]} 37. Rxf5+ {[%clk 00:07:32]} {[%emt 00:00:07]} Kg8 {[%clk 00:45:00]}
{[%emt 00:00:51]} 38. Rg5+ {[%clk 00:06:49]} {[%emt 00:01:11]} Kf7 {[%clk
00:45:14]} {[%emt 00:00:18]} 39. Qf4+ {[%clk 00:05:47]} {[%emt 00:01:32]} Ke7
{[%clk 00:45:24]} {[%emt 00:00:20]} 40. Qe5+ {[%clk 00:05:07]} {[%emt
00:01:11]} Kd8 {[%clk 00:45:38]} {[%emt 00:00:13]} 41. Qd6+ {[%clk 00:05:16]}
{[%emt 00:00:24]} Kc8 {[%clk 00:45:59]} {[%emt 00:00:09]} 42. Qc6+ {[%clk
00:05:28]} {[%emt 00:00:17]} Kd8 {[%clk 00:46:20]} {[%emt 00:00:11]} 43. Rxd5+
{[%clk 00:05:48]} {[%emt 00:00:10]} Ke7 {[%clk 00:46:43]} {[%emt 00:00:06]} 44.
Re5+ {[%clk 00:05:56]} {[%emt 00:00:22]} 1-0

[Event "DEM U18w 2024"]
[Site "Willingen GER"]
[Date "2024.05.19"]
[Round "1"]
[White "Stelter, Finja"]
[Black "Racky, Selina"]
[Result "0-1"]
[Termination "normal"]
[Board "10"]
[WhiteElo "1637"]
[BlackElo "1711"]
[WhiteClock "00:01:03"]
[BlackClock "00:27:29"]
[PlyCount "58"]
[WhiteFideId "16298624"]
[BlackFideId "16239440"]
[EventCountry "GER"]
[EventRounds "9"]
[EventType "swiss"]
[EventDate "2024.05.18"]

1. e4 {[%clk 01:30:59]} e5 {[%clk 01:30:49]} {[%emt 00:00:11]} 2. Nf3 {[%clk
01:31:23]} {[%emt 00:00:06]} Nc6 {[%clk 01:31:16]} {[%emt 00:00:03]} 3. d4
{[%clk 01:31:41]} {[%emt 00:00:13]} exd4 {[%clk 01:31:40]} {[%emt 00:00:06]} 4.
Nxd4 {[%clk 01:32:00]} {[%emt 00:00:10]} Bc5 {[%clk 01:31:57]} {[%emt
00:00:14]} 5. Nb3 {[%clk 01:32:02]} {[%emt 00:00:27]} Bb6 {[%clk 01:32:20]}
{[%emt 00:00:07]} 6. Nc3 {[%clk 01:32:20]} {[%emt 00:00:12]} Qf6 {[%clk
01:28:33]} {[%emt 00:04:17]} 7. Qe2 {[%clk 01:32:00]} {[%emt 00:00:50]} Nge7
{[%clk 01:27:21]} {[%emt 00:01:43]} 8. Be3 {[%clk 01:30:47]} {[%emt 00:01:42]}
Ne5 {[%clk 01:07:31]} {[%emt 00:20:20]} 9. f3 {[%clk 01:17:08]} {[%emt
00:14:09]} Bxe3 {[%clk 00:54:52]} {[%emt 00:13:08]} 10. Qxe3 {[%clk 01:16:42]}
{[%emt 00:00:56]} c6 {[%clk 00:54:22]} {[%emt 00:01:00]} 11. O-O-O {[%clk
01:11:28]} {[%emt 00:05:45]} O-O {[%clk 00:52:06]} {[%emt 00:02:46]} 12. Be2
{[%clk 01:04:15]} {[%emt 00:07:43]} b5 {[%clk 00:49:09]} {[%emt 00:03:27]} 13.
g4 {[%clk 00:59:51]} {[%emt 00:04:54]} N7g6 {[%clk 00:47:36]} {[%emt 00:02:03]}
14. Rhf1 {[%clk 00:42:03]} {[%emt 00:18:17]} Nf4 {[%clk 00:47:32]} {[%emt
00:00:34]} 15. Kb1 {[%clk 00:32:11]} {[%emt 00:10:22]} a5 {[%clk 00:44:30]}
{[%emt 00:03:32]} 16. Nd4 {[%clk 00:25:19]} {[%emt 00:07:23]} g5 {[%clk
00:37:22]} {[%emt 00:07:38]} 17. Nf5 {[%clk 00:21:05]} {[%emt 00:04:43]} Nxe2
{[%clk 00:33:16]} {[%emt 00:04:37]} 18. Qxe2 {[%clk 00:18:23]} {[%emt
00:03:12]} Nc4 {[%clk 00:33:30]} {[%emt 00:00:16]} 19. Qe1 {[%clk 00:13:59]}
{[%emt 00:04:54]} a4 {[%clk 00:32:37]} {[%emt 00:01:23]} 20. e5 {[%clk
00:06:31]} {[%emt 00:07:58]} Qxe5 {[%clk 00:32:18]} {[%emt 00:00:49]} 21. Qxe5
{[%clk 00:06:53]} {[%emt 00:00:08]} Nxe5 {[%clk 00:32:39]} {[%emt 00:00:09]}
22. Ne4 {[%clk 00:06:09]} {[%emt 00:01:14]} d5 {[%clk 00:28:54]} {[%emt
00:04:15]} 23. Ne7+ {[%clk 00:05:00]} {[%emt 00:01:39]} Kg7 {[%clk 00:28:23]}
{[%emt 00:01:01]} 24. Nxg5 {[%clk 00:05:02]} {[%emt 00:00:28]} Bd7 {[%clk
00:27:23]} {[%emt 00:01:30]} 25. Nf5+ {[%clk 00:02:23]} {[%emt 00:03:08]} Bxf5
{[%clk 00:26:40]} {[%emt 00:01:13]} 26. gxf5 {[%clk 00:02:51]} {[%emt
00:00:02]} h6 {[%clk 00:26:52]} {[%emt 00:00:19]} 27. Nh3 {[%clk 00:01:38]}
{[%emt 00:01:43]} Kf6 {[%clk 00:27:07]} {[%emt 00:00:14]} 28. f4 {[%clk
00:01:30]} {[%emt 00:00:38]} Nc4 {[%clk 00:27:29]} {[%emt 00:00:09]} 29. Rde1
{[%clk 00:01:03]} {[%emt 00:00:57]} Nd2+ {[%emt 00:00:11]} 0-1